000 00806nam a2200205Ia 4500
003 OSt
005 20260119164801.0
008 221004b |||||||| |||| 00| 0 hin d
020 _a9788190722100 (hbk)
037 _cTextual
040 _aCRL
_cCRL
_bhin
041 _2hin
_ahin
100 _aपालीवाल, कृष्णदत्त
_9905525
245 0 _aअज्ञेय:
_b कवि - कर्म का संकट
246 _aAjnyeya: kavi - karma kā sankaṭa
260 _aनई दिल्ली
_bकिताबघर प्रकाशन भारत
_c2009
300 _a463पृ0
_ccm.
942 _hO152,1N11:g, P9
_cTEXL
_2cc
_n0
999 _c1018563
_d1018563